The second law of life: Energy, technology, and the future of earth as we know it (Record no. 2511)

MARC details
000 -LEADER
fixed length control field 00462nam a2200157Ia 4500
008 - FIXED-LENGTH DATA ELEMENTS--GENERAL INFORMATION
fixed length control field 130318s9999 xx 000 0 und d
020 ## - INTERNATIONAL STANDARD BOOK NUMBER
International Standard Book Number 815515375
082 ## - DEWEY DECIMAL CLASSIFICATION NUMBER
Classification number 536.73 SCH/S
100 ## - MAIN ENTRY--PERSONAL NAME
Personal name Schmitz, John E.J
245 ## - TITLE STATEMENT
Title The second law of life: Energy, technology, and the future of earth as we know it
260 ## - PUBLICATION, DISTRIBUTION, ETC.
Name of publisher, distributor, etc. William Andrew Publishing
Place of publication, distribution, etc. NewYork
Date of publication, distribution, etc. 2007
300 ## - PHYSICAL DESCRIPTION
Extent 208
650 ## - SUBJECT ADDED ENTRY--TOPICAL TERM
Topical term or geographic name entry element ENTROPY
650 ## - SUBJECT ADDED ENTRY--TOPICAL TERM
Topical term or geographic name entry element ENVIRONMENT PROBLEMS
650 ## - SUBJECT ADDED ENTRY--TOPICAL TERM
Topical term or geographic name entry element THERMODYNAMICS
Holdings
Withdrawn status Lost status Damaged status Not for loan Home library Current library Shelving location Date acquired Cost, normal purchase price Total Checkouts Full call number Barcode Date last seen Date last checked out Price effective from Koha item type
        Kerala University of Digital Sciences, Innovation and Technology Knowledge Centre Kerala University of Digital Sciences, Innovation and Technology Knowledge Centre Physics 18/03/2013 9823.00 1 536.73 SCH/S 2531 14/10/2022 27/09/2022 18/03/2013 Books